000 00588cam a22002053a 4500
001 42527
003 PGUSA
005 20140828083949.0
008 130414s2013||||xxu|||||s|||||000 | eng d
040 _aPGUSA
_beng
042 _adc
100 1 _aSanders, Helen Fitzgerald
245 1 0 _aTrails Through Western Woods
_h[electronic resource] /
_cHelen Fitzgerald Sanders
260 _bProject Gutenberg,
_c2013
506 _aPublic domain in the USA.
516 _aElectronic text
830 0 _aProject Gutenberg
_v42527
856 4 0 _uhttp://www.gutenberg.org/ebooks/42527
942 _cEB
999 _c271779
_d271779